El taller educativo: ¿Qué es?, fundamentos, cómo organizarlo y dirigirlo, cómo evaluarlo
Uloženo v:
| Hlavní autor: | |
|---|---|
| Médium: | Kniha |
| Jazyk: | španělština |
| Vydáno: |
Bogotá
Magisterio
1996
|
| Edice: | Colección Aula Abierta
|
| Témata: | |
| Tagy: |
Přidat tag
Žádné tagy, Buďte první, kdo vytvoří štítek k tomuto záznamu!
|
MARC
| LEADER | 00000nam a2200000 a 4500 | ||
|---|---|---|---|
| 001 | UCQ4101 | ||
| 003 | CL-VaPUC | ||
| 008 | 980829e19960000CK |||||||||||||||||spa|d | ||
| 020 | |a 9582000147 | ||
| 082 | 0 | 4 | |a 370.193 |b MAY |2 21 |
| 100 | |a Maya Betancourt, Arnobio |e autor |9 418342 | ||
| 245 | 1 | 3 | |a El taller educativo: ¿Qué es?, fundamentos, cómo organizarlo y dirigirlo, cómo evaluarlo |
| 300 | |a 228 p | ||
| 942 | |c BK | ||
| 945 | |d 19980829 00:00:00 |a mvenant | ||
| 260 | |a Bogotá |b Magisterio |c 1996 | ||
| 650 | 0 | |a Talleres educacionales |9 339158 | |
| 650 | 0 | |a Organización |9 256369 | |
| 650 | 0 | |a Evaluación de la educación |9 237505 | |
| 650 | 7 | |a OBJETIVOS EN EDUCACION |2 CL-VaPUC |9 415204 | |
| 650 | 0 | |a Dinámica de grupos |9 259862 | |
| 583 | |a last modification |c 19980829 00:00:00 |k Rodrigo Vera | ||
| 490 | 0 | |a Colección Aula Abierta | |
| 999 | |c 274567 |d 274565 | ||
| 952 | |0 0 |1 0 |4 0 |6 370_193000000000000_MAY_1996 |7 0 |8 A |9 310793 |a BIBEDU |b BIBEDU |d 2019-11-20 |i 3458636 |o 370.193 MAY 1996 |p 3458636 |r 2019-11-20 |w 2019-11-20 |y BK |k EPE | ||
| 952 | |0 0 |1 0 |4 0 |6 370_193000000000000_MAY_1996 |7 0 |8 A |9 310794 |a BIBEDU |b BIBEDU |d 2019-11-20 |i 3567494 |o 370.193 MAY 1996 |p 3567494 |r 2019-11-20 |w 2019-11-20 |y BK |k EPE | ||
| 952 | |0 0 |1 0 |4 0 |6 370_193000000000000_MAY_1996 |7 0 |8 A |9 310795 |a BIBEDU |b BIBEDU |d 2019-11-20 |i 3898288 |l 1 |m 1 |o 370.193 MAY 1996 |p 3898288 |r 2024-09-03 |s 2024-08-22 |w 2019-11-20 |y BK |k EPE | ||